| 000 | 01053cad a22002295a 4500 | ||
|---|---|---|---|
| 001 | L149311 | ||
| 008 | 100218s2010 xxkd f s 000 0 eng d | ||
| 035 | _a(Sirsi) u149311 | ||
| 041 | 0 | _aeng | |
| 050 | 0 | 4 | _a333.33 $2 18 |
| 110 | 2 |
_aColliers CRE _95075 |
|
| 245 | 0 | 0 |
_aProperty snapshot _bJanuary 2010 _h[electronic resource] |
| 260 |
_aLondon _bColliers _c2010 |
||
| 490 | 0 |
_aProperty Snapshot _vJanuary 2010 |
|
| 520 | _aDeflation risks may be retreating but there is little sign that the mini gold rush for prime investments is abating. Christmas trading results are better than expected. Logistic and industrial demand still limited to rationalisation and opportunistic upgrading. | ||
| 590 | _aKA | ||
| 650 | 2 | 4 | _aCOLLIERS PROPERTY SNAPSHOT |
| 651 | 4 |
_aUnited Kingdom _y |
|
| 690 | _aPROPERTY-COMMERCIAL PROPERTY-COMMERCIAL PROPERTY MARKET | ||
| 856 | 4 | 0 |
_uhttps://www.collierscre.com/documents/Research-MarketOverview/rese_propertySnapshot_0110.pdf _zView this report free of charge under market reports at www.colliers.com... |
| 942 | _n0 | ||
| 999 |
_c110462 _d110462 |
||